Szczegóły MARC21

1050 lat chrześcijaństwa w Polsce /

003 -Nazwa inst., której nr kontr. jest w polu 001 [,]
    • @
    • Nazwa instytucji, której n kontrolny jest w polu 001
    • NUKAT
005 -DATA I CZAS OSTATNIEJ MODYFIKACJI [,]
    • @
    • pole kontrolne
    • 20241231100240.0
020 -Międzynarod. znormalizowany nr książki - ISBN [ , ]
    • a
    • Numer ISBN
    • 9788370276065 Find
040 -Instytucja sporządzająca opis [ , ]
    • a
    • Instytucja, która sporządziła opis (NP)
    • WA 732/EP
    • c
    • Instytucja, która sporządziła rekord (NP)
    • WA 732/EP
    • d
    • Instytucja, która zmodyfikowała rekord (P)
    • WA 732/EP
    • d
    • Instytucja, która zmodyfikowała rekord (P)
    • KAT U/44UIs
    • d
    • Instytucja, która zmodyfikowała rekord (P)
    • WA M/LA
    • d
    • Instytucja, która zmodyfikowała rekord (P)
    • WR U/mt
    • d
    • Instytucja, która zmodyfikowała rekord (P)
    • WR 194/KBs
942 -Rodzaj dokumentu [ , ]
    • c
    • Rodzaj dokumentu
    • Książka
100 -Hasło główne - nazwa osobowa [1, ]
    • a
    • Nazwa osobowa (NP)
    • Ciecieląg, Paweł.
    • 9
    • KHW
    • 612747
245 -Strefa tytułu i oznaczenia odpowiedzialności [1,0]
    • a
    • Tytuł
    • 1050 lat chrześcijaństwa w Polsce / Find
    • c
    • Pozostałe elementy strefy tytułu i oznaczenia odpowiedzialności (NP)
    • [redakcja Paweł Ciecieląg, Bożena Łazowska, Piotr Łysoń, Wojciech Sadłoń ; zespół autorski Paweł Ciecieląg, Andrzej Datko, Bożena Łazowska, Piotr Łysoń, Paweł Milcarek, Wojciech Sadłoń ; współpraca Izabela Jaklubowska] ; Główny Urząd Statystyczny, Instytut Statystyki Kościoła Katolickiego SAC.
246 -Wariant tytułu [1,0]
    • a
    • Tytuł (NP)
    • Tysiąc pięćdziesiąt lat chrześcijaństwa w Polsce
260 -Strefa adresu wydawniczego [ , ]
    • a
    • Miejsce wydania (P)
    • Warszawa :
    • b
    • Nazwa wydawcy (P)
    • Zakład Wydawnictw Statystycznych,
    • c
    • Data wydania (P)
    • 2016.
300 -Strefa opisu fizycznego [ , ]
    • a
    • Określenie formy książki i/lub objętość (NP)
    • 295, [2] s. :
    • b
    • Oznaczenie ilustracji (NP)
    • il. kolor. ;
    • c
    • Format (NP)
    • 22 cm.
336 -Typ zawartości [ , ]
    • a
    • Termin opisujący typ zawartości
    • Tekst
    • b
    • Kod określający zawartość
    • txt
    • 2
    • Źródło (terminu i kodu)
    • rdacontent
337 -Typ mediów [ , ]
    • a
    • Tryb odtwarzania
    • Bez urządzenia pośredniczącego
    • b
    • Kod typu mediów
    • n
    • 2
    • Źródło (terminu i kodu)
    • rdamedia
338 -Typ/rodzaj nośnika [ , ]
    • a
    • Hasło opisujące typ nośnika
    • Wolumin
    • b
    • Kod typu nośnika
    • nc
    • 2
    • Źródło (terminu i kodu)
    • rdacarrier
500 -Uwaga ogólna [ , ]
    • a
    • Uwaga ogólna (NP)
    • Nazwa wydawcy wg serwisu e-ISBN.
504 -Uwaga dot. bibliogr. załącznikowej [ , ]
    • a
    • Uwaga dot. bibliografii załącznikowej
    • Bibliogr. s. 293-[296].
610 -Hasło przedmiotowe w formie nazwy ciała zbiorowego [2,7]
    • a
    • Nazwa ciała zbiorowego lub nazwa geograficzna
    • Kościół katolicki
    • 2
    • Źródło terminu
    • DBN
    • 9
    • KHW
    • 727994
650 -Hasło przedmiotowe [ ,7]
    • a
    • Hasło przedmiotowe
    • Chrzest Polski (966).
    • 2
    • Źródło terminu
    • kaba
    • 9
    • KHW
    • 177445
650 -Hasło przedmiotowe [ ,7]
    • a
    • Hasło przedmiotowe
    • Kościół katolicki
    • z
    • Określnik geograficzny
    • Polska
    • x
    • Określnik rzeczowy
    • historia.
    • 2
    • Źródło terminu
    • kaba
    • 9
    • KHW
    • 351774
650 -Hasło przedmiotowe [ ,7]
    • a
    • Hasło przedmiotowe
    • Święci chrześcijańscy
    • z
    • Określnik geograficzny
    • Polska
    • v
    • Określnik formalny
    • biografie.
    • 2
    • Źródło terminu
    • kaba
    • 9
    • KHW
    • 445765
650 -Hasło przedmiotowe [ ,7]
    • a
    • Hasło przedmiotowe
    • Chrzest Polski (966)
    • 2
    • Źródło terminu
    • DBN
    • 9
    • KHW
    • 739283
651 -Hasło przedmiotowe w formie nazwy geograficznej [ ,7]
    • a
    • Nazwa geograficzna
    • Polska
    • 2
    • Źródło terminu
    • DBN
    • 9
    • KHW
    • 721438
658 -Ujęcie treści [ , ]
    • a
    • dziedzina nauki i sztuki/ sfera aktywności życiowej
    • Religia i duchowość
700 -Hasło dodatkowe - nazwa osobowa [1, ]
    • a
    • Nazwa osobowa (NP)
    • Datko, Andrzej Find
    • c
    • Dopowiedzenie inne niż daty biograficzne (NP)
    • (socjologia religii).
    • 9
    • KHW
    • 83243
700 -Hasło dodatkowe - nazwa osobowa [1, ]
    • a
    • Nazwa osobowa (NP)
    • Łazowska, Bożena. Find
    • 9
    • KHW
    • 1168
700 -Hasło dodatkowe - nazwa osobowa [1, ]
    • a
    • Nazwa osobowa (NP)
    • Łysoń, Piotr. Find
    • 9
    • KHW
    • 627242
700 -Hasło dodatkowe - nazwa osobowa [1, ]
    • a
    • Nazwa osobowa (NP)
    • Milcarek, Paweł Find
    • d
    • Daty biograficzne (NP)
    • (1966- ).
    • 9
    • KHW
    • 526809
700 -Hasło dodatkowe - nazwa osobowa [1, ]
    • a
    • Nazwa osobowa (NP)
    • Sadłoń, Wojciech Find
    • d
    • Daty biograficzne (NP)
    • (1983- ).
    • 9
    • KHW
    • 627243
700 -Hasło dodatkowe - nazwa osobowa [1, ]
    • a
    • Nazwa osobowa (NP)
    • Jakubowska, Izabela Barbara Find
    • d
    • Daty biograficzne (NP)
    • (1967- ).
    • 9
    • KHW
    • 627244
710 -Hasło dodatkowe - nazwa ciała zbiorowego [2, ]
    • a
    • Nazwa ciała zbiorowego lub nazwa geograficzna jako pierwszy element (NP)
    • Societas Apostolatus Catholici.
    • b
    • Nazwa jednostki podrzędnej (P)
    • Instytut Statystyki Kościoła Katolickiego.
    • 9
    • KHW
    • 627245
710 -Hasło dodatkowe - nazwa ciała zbiorowego [1, ]
    • a
    • Nazwa ciała zbiorowego lub nazwa geograficzna jako pierwszy element (NP)
    • Polska.
    • b
    • Nazwa jednostki podrzędnej (P)
    • Główny Urząd Statystyczny.
    • 9
    • KHW
    • 9661
710 -Hasło dodatkowe - nazwa ciała zbiorowego [1, ]
    • a
    • Nazwa ciała zbiorowego lub nazwa geograficzna jako pierwszy element (NP)
    • Polska.
    • b
    • Nazwa jednostki podrzędnej (P)
    • Główny Urząd Statystyczny.
    • b
    • Nazwa jednostki podrzędnej (P)
    • Zakład Wydawnictw Statystycznych.
    • 4
    • Kod relacji
    • pbl
    • 9
    • KHW
    • 80627
920 -ISBN [ , ]
    • a
    • ISBN
    • 978-83-7027-606-5 Find
Lokalizacja Data inwentaryzacji Status udost. Numer inwentarzowy
BE2022-04-05-2E.80763